Devlet'te yozlaşmayı yenmek : (Record no. 13805)

MARC details
000 -BAŞLIK
Sabit Uzunlukta Kontrol Alanı 00995nam a2200265 4500
999 ## - SİSTEM KONTROL NUMARALARI (KOHA)
Koha Biblionumber 13805
Koha Biblioitemnumber 13805
003 - KONTROL NUMARASI IDENTIFIER
Denetim Alanı MIRAKIL
005 - SON İŞLEM TARİHİ VE ZAMANI
Denetim Alanı 20211214000618.0
008 - SABİT-BOY VERİ ELEMANLARI - GENEL BİLGİLER
Sabit Uzunlukta Kontrol Alanı 200309b tu ||||| |||| 00| 0 tur d
020 ## - ULUSLARARASI STANDART KİTAP NUMARASI
Uluslararası Standart Kitap Numarası 9755061657
020 ## - ULUSLARARASI STANDART KİTAP NUMARASI
Uluslararası Standart Kitap Numarası 9755061665
040 ## - KATALOGLAMA KAYNAK
Orijinal Kataloglama Ajansı TR-AnCHP
Metne Dönüştürmek Ajansı TR-AnCHP
041 ## - DİL KODU
Metin / Ses Parça Veya Ayrı Başlığın Dil Kodu tur
082 ## - DEWEY ONLU SINIFLANDIRMA NUMARASI
Sınıflandırma Numarası 320.9561
Ürün Numarası K46d 1994
100 ## - ANA GİRİŞ - KİŞİSEL İSİM
Kişisel Ad Kırca, A. Coşkun
245 10 - BAŞLIK TABLOSU
Başlık Devlet'te yozlaşmayı yenmek :
Başlığın Kalan (Türk siyasi sisteminin bozuklukları ve çareleri üzerine bir deneme) /
Sorumluluk Tablosu, Vb A.Coşkun Kırca.
246 ## - UNVAN FORM VARYING
Başlık Doğru / Kısa Başlığı Türk siyasi sisteminin bozuklukları ve çareleri üzerine bir deneme
260 ## - YAYIN, DAĞITIM, VB
Yayın, Dağıtım, Vb Yeri İstanbul:
Yayıncı, Dağıtıcı, Vs Adı Milliyet Yayınları,
Yayın, Dağıtım, Vb Tarihi 1994.
300 ## - FİZİKSEL TANIM
Kapsam c ''2.'' (471 s.) ;
Boyutlar 20 sm.
650 #0 - KONU KATMA GİRİŞ - TOPİKAL DÖNEM
Topikal Süreli Veya Coğrafi Ad Giriş Elemanı Siyaset ve yönetim
Genel Alt Bölümü Türkiye
9 (RLIN) 9
650 #0 - KONU KATMA GİRİŞ - TOPİKAL DÖNEM
9 (RLIN) 5106
Topikal Süreli Veya Coğrafi Ad Giriş Elemanı siyasi tarih
Genel Alt Bölümü Türkiye
740 ## - KATMA GİRİŞ - KONTROLSUZ İLGİLİ / ANALİTİK BAŞLIK
Kontrol Edilmeyen / İlgili Analitik Başlıktaki Türk siyasi sisteminin bozuklukları ve çareleri üzerine bir deneme
856 ## - ELEKTRONİK YER VE ERİŞİM
Kamu Notu Dijital Nüshası için Partimizin Kütüphane Sorumlusu ile iletişime geçiniz.
942 ## - EKLENDİ GİRİŞ ELEMANLARI (KOHA)
Sınıflandırma Veya Raf Düzeni Kaynak Dewey Decimal Classification
Koha Öğesi Türü Books
999 ## - SİSTEM KONTROL NUMARALARI (KOHA)
Koha Biblioitemnumber 13804
Holdings
Kalıcı Konum Mevcut Konum Edinme Tarihi Toplam Check-Out'Lar Tam Çağrı Numarası Barkod Tarih Son Görülme Kopya Sayısı İtibaren Geçerli Fiyatlar Sigara Kamu Notu Koha Öğesi Türü
CHP Kütüphanesi CHP Kütüphanesi 03/09/2020   320.9561 K46d 1994 013564 03/09/2020 c.2 03/09/2020 Ertuğrul Çepni bağışıdır. Books